Culture Générale - Série 932 - Statistiques

Statistiques générales
  • Ce quiz a été pris 98 fois
  • Le résultat moyen est 5 sur 10
Statistiques - réponses
Question Réponse % Correct
De quel pays nord-africain fait partie le massif du Hoggar ? Algérie
82%
Selon le générique du dessin animé des années 1980, sur les bords de quel fleuve Tom Sawyer est-il né ? Mississippi
80%
Quel prix Nobel Winston Churchill a-t-il reçu en 1953 ? Littérature
70%
Comment s'appelle le frère de Mario, le héros de jeux vidéo ? Luigi
67%
Dans quelle bande dessinée de Christian Binet rencontre-t-on le couple de franchouillards prénommés Raymonde et Robert ? Les Bidochon
59%
Quel dieu égyptien est représenté sous la forme d'un homme à tête de chacal ? Anubis
58%
Quelle syllabe de deux lettres faut-il ajouter devant le mot "lardon" pour obtenir un fromage de chèvre fabriqué en Lozère ?
45%
Dans le film “Z” de Costa-Gavras, quel acteur incarne le personnage du même nom ? Yves Montand
34%
En astronomie, comment appelle-t-on une étoile qui devient très brutalement extrêmement brillante, avec une grande augmentation de son éclat, qui peut être de l'ordre de 10 magnitudes ? nova
27%
Comment appelle-t-on l'habitation polynésienne traditionnelle ? fare
13%
Aucun quiz correspondant
Distribution des résultats
% des personnes avec chaque résultat
Percentile par nombre de réponses
Votre historique - résultats
Vous n’avez pas pris ce quiz